Oil and gas production in nontechnical language / (Record no. 20227)
[ view plain ]
| 000 -LEADER | |
|---|---|
| fixed length control field | 00879cam a22002535a 4500 |
| 001 - CONTROL NUMBER | |
| control field | 14474293 |
| 005 - DATE AND TIME OF LATEST TRANSACTION | |
| control field | 20160211103429.0 |
| 008 - FIXED-LENGTH DATA ELEMENTS--GENERAL INFORMATION | |
| fixed length control field | 060731t2006 okua fr 001 0 eng d |
| 020 ## - INTERNATIONAL STANDARD BOOK NUMBER | |
| International Standard Book Number | 1593700520 (hardcover) |
| 020 ## - INTERNATIONAL STANDARD BOOK NUMBER | |
| International Standard Book Number | 9781593700522 (hardcover) |
| 040 ## - CATALOGING SOURCE | |
| Original cataloging agency | DLC |
| Transcribing agency | DLC |
| Modifying agency | YDX |
| -- | BAKER |
| -- | LCJ |
| -- | DMZ |
| -- | YDXCP |
| -- | BTCTA |
| -- | VP@ |
| -- | DLC |
| -- | EG-ScBUE |
| Language of cataloging | eng |
| 082 04 - DEWEY DECIMAL CLASSIFICATION NUMBER | |
| Classification number | 622.338 |
| Edition number | 22 |
| Item number | RAY |
| 100 1# - MAIN ENTRY--PERSONAL NAME | |
| Personal name | Raymond, Martin. |
| 9 (RLIN) | 39297 |
| 245 10 - TITLE STATEMENT | |
| Title | Oil and gas production in nontechnical language / |
| Statement of responsibility, etc | Martin S. Raymond, William L. Leffler. |
| 260 ## - PUBLICATION, DISTRIBUTION, ETC. (IMPRINT) | |
| Place of publication, distribution, etc | Tulsa : |
| Name of publisher, distributor, etc | PennWell Corporation, |
| Date of publication, distribution, etc | c.2006. |
| 300 ## - PHYSICAL DESCRIPTION | |
| Extent | xx, 255 p. : |
| Other physical details | ill. ; |
| Dimensions | 24 cm. |
| 500 ## - GENERAL NOTE | |
| General note | Index : p. 243-255. |
| 650 #7 - SUBJECT ADDED ENTRY--TOPICAL TERM | |
| Topical term or geographic name as entry element | Oil wells. |
| Source of heading or term | BUEsh |
| 9 (RLIN) | 39298 |
| 650 #7 - SUBJECT ADDED ENTRY--TOPICAL TERM | |
| Topical term or geographic name as entry element | Gas wells. |
| Source of heading or term | BUEsh |
| 9 (RLIN) | 39299 |
| 650 #7 - SUBJECT ADDED ENTRY--TOPICAL TERM | |
| Topical term or geographic name as entry element | Petroleum engineering. |
| Source of heading or term | BUEsh |
| 9 (RLIN) | 5223 |
| 653 ## - INDEX TERM--UNCONTROLLED | |
| Resource For college | Engineering, Petroleum |
| Arrived date list | July2015 |
| -- | February2016 |
| 700 1# - ADDED ENTRY--PERSONAL NAME | |
| Personal name | Leffler, William L. |
| 942 ## - ADDED ENTRY ELEMENTS (KOHA) | |
| Source of classification or shelving scheme | Dewey Decimal Classification |
| Withdrawn status | Lost status | Source of classification or shelving scheme | Damaged status | Not for loan | Koha collection | Home library | Current library | Shelving location | Date acquired | Source of acquisition | Cost, normal purchase price | Serial Enumeration / chronology | Total Checkouts | Total Renewals | Full call number | Barcode | Date last seen | Date last borrowed | Cost, replacement price | Koha item type |
|---|---|---|---|---|---|---|---|---|---|---|---|---|---|---|---|---|---|---|---|---|
| Dewey Decimal Classification | Baccah | Central Library | Central Library | First floor | 06/07/2015 | Purchase | 519.00 | 22353 | 3 | 5 | 622.338 RAY | 000039441 | 15/07/2025 | 06/09/2017 | 649.00 | Book - Borrowing |